| 000 | 00318nam a2200097Ia 4500 | ||
|---|---|---|---|
| 082 | _a658.3|OPTI | ||
| 245 | 0 | _aOptimising talent in organisations : articles from Human capital review | |
| 100 |
_a Herholdt, Johan Randburg, South Africa, 2012 _949204 |
||
| 942 | _cBK | ||
| 008 | 210817s9999 xx 000 0 und d | ||
| 999 |
_c159576 _d159576 |
||